| 000 | 00789nam a22002177a 4500 | ||
|---|---|---|---|
| 999 |
_c12202 _d12202 |
||
| 003 | AR-CdUCM | ||
| 008 | 190408b ||||| |||| 00| 0 spa d | ||
| 040 |
_aMUNICIPALIDAD PROVINCIAL DEL CUSCO _cBIBLIOTECA MUNICIPAL DEL CUSCO |
||
| 082 |
_a616.9 / _bS93 / |
||
| 100 |
_aSuñer, Enrique _929933 |
||
| 245 | _aComo se adquieren las infecciones / | ||
| 260 |
_aValladolid : _bA marzo, |
||
| 300 |
_a245 páginas ; _c18 cm. |
||
| 440 |
_aBiblioteca de vulgarizacíon de "España medica" _nVolumen 6 _929934 |
||
| 505 | _aContenido : La infección en general -- El contagio -- Defensas contra las infecciones -- Terapéutica defensiva ... | ||
| 650 |
_aMedicina _93637 |
||
| 650 |
_aContagio _929935 |
||
| 650 |
_aInfecciones _922297 |
||
| 942 |
_2ddc _cLIBROS |
||
| 945 |
_arah _d08/04/2019 |
||